000 00359nam a2200109Ia 4500
008 220214s9999 xx 000 0 und d
100 _aRodrigo VHL
_cet al
245 4 _aThe Effect of planting density on growth and development of component crops in rubber/banana intercropping systems
260 _bField Crops Research
_c1997
300 _a95-108
942 _cRE
999 _c46005
_d46005